[Event "MESRRK"]
[Site "?"]
[Date "2018.05.26"]
[Round "4.9"]
[White "Paluska, Karol"]
[Black "Kovarikova, Maria"]
[Result "0-1"]
[BlackElo "1236"]
[WhiteElo "1431"]
[LiveChessVersion "1.4.8"]

1. Nf3 {[%clk 0:20:17]} d5 {[%clk 0:20:19]} 2. d4 {[%clk 0:20:25]} Nf6
{[%clk 0:20:25]} 3. c3 {[%clk 0:20:21]} e6 {[%clk 0:20:15]} 4. Bg5
{[%clk 0:20:29]} Nbd7 {[%clk 0:19:37]} 5. e3 {[%clk 0:20:32]} c5 {[%clk 0:19:34]}
6. Bd3 {[%clk 0:20:32]} Bd6 {[%clk 0:18:15]} 7. Nbd2 {[%clk 0:20:22]} h6
{[%clk 0:18:01]} 8. Bh4 {[%clk 0:20:22]} O-O {[%clk 0:17:51]} 9. Bg3
{[%clk 0:20:29]} Qe7 {[%clk 0:14:14]} 10. e4 {[%clk 0:19:18]} e5 {[%clk 0:12:49]}
11. dxe5 {[%clk 0:17:59]} Nxe5 {[%clk 0:09:27]} 12. Nxe5 {[%clk 0:17:14]} Bxe5
{[%clk 0:09:34]} 13. Bxe5 {[%clk 0:17:06]} Qxe5 {[%clk 0:09:42]} 14. Qe2
{[%clk 0:16:12]} dxe4 {[%clk 0:08:32]} 15. Nxe4 {[%clk 0:16:14]} Nxe4
{[%clk 0:06:38]} 16. Bxe4 {[%clk 0:16:22]} Re8 {[%clk 0:05:55]} 17. Bf3
{[%clk 0:14:00]} Bg4 {[%clk 0:02:33]} 18. Bxg4 {[%clk 0:12:35]} Qd5
{[%clk 0:01:26]} 19. O-O {[%clk 0:12:13]} Rxe2 {[%clk 0:01:34]} 20. Bxe2
{[%clk 0:12:22]} Qd2 {[%clk 0:01:40]} 21. Bf3 {[%clk 0:10:33]} Qxb2
{[%clk 0:00:45]} 22. Rfc1 {[%clk 0:10:42]} Rb8 {[%clk 0:00:44]} 23. Bd5
{[%clk 0:09:50]} Qd2 {[%clk 0:00:33]} 24. c4 {[%clk 0:09:45]} b5 {[%clk 0:00:42]}
25. Rd1 {[%clk 0:09:48]} Qg5 {[%clk 0:00:18]} 26. cxb5 {[%clk 0:09:13]} Rxb5
{[%clk 0:00:27]} 27. Rac1 {[%clk 0:08:57]} Rb2 {[%clk 0:00:21]} 28. Rxc5
{[%clk 0:07:53]} Qf6 {[%clk 0:00:30]} 29. Rf1 {[%clk 0:06:31]} Qd6
{[%clk 0:00:32]} 30. Rc8+ {[%clk 0:06:37]} Kh7 {[%clk 0:00:37]} 31. Be4+
{[%clk 0:05:43]} g6 {[%clk 0:00:44]} 32. Bf3 {[%clk 0:05:24]} Rxa2
{[%clk 0:00:43]} 33. Rcc1 {[%clk 0:05:32]} a5 {[%clk 0:00:49]} 34. Rfd1
{[%clk 0:05:35]} Qb6 {[%clk 0:00:55]} 35. Rf1 {[%clk 0:05:41]} a4
{[%clk 0:01:04]} 36. Rb1 {[%clk 0:05:50]} Qc5 {[%clk 0:01:10]} 37. Rbc1
{[%clk 0:05:58]} Qa7 {[%clk 0:01:18]} 38. Bd5 {[%clk 0:05:38]} Rd2
{[%clk 0:01:24]} 39. Bf3 {[%clk 0:05:41]} a3 {[%clk 0:01:32]} 40. Ra1
{[%clk 0:05:50]} Rb2 {[%clk 0:01:34]} 41. h3 {[%clk 0:05:13]} Qa5
{[%clk 0:01:09]} 42. Rfd1 {[%clk 0:04:57]} Qc5 {[%clk 0:01:06]} 43. Rf1
{[%clk 0:05:05]} a2 {[%clk 0:01:11]} 44. Rac1 {[%clk 0:04:41]} Qb4
{[%clk 0:00:50]} 45. Ra1 {[%clk 0:04:50]} Qb3 {[%clk 0:00:56]} 46. Bd1
{[%clk 0:04:47]} Qc3 {[%clk 0:01:00]} 47. Bf3 {[%clk 0:04:50]} Qd3
{[%clk 0:01:02]} 48. Rfd1 {[%clk 0:03:40]} Qc2 {[%clk 0:01:10]} 49. Rdc1
{[%clk 0:03:49]} Qxf2+ {[%clk 0:01:18]} 50. Kh2 {[%clk 0:03:58]} Qxf3
{[%clk 0:01:19]} 51. Rg1 {[%clk 0:04:01]} Qf4+ {[%clk 0:01:17]} 52. Kh1
{[%clk 0:04:10]} Qb4 {[%clk 0:00:57]} 53. Raf1 {[%clk 0:03:56]} Rb1
{[%clk 0:00:56]} 54. Rxf7+ {[%clk 0:03:59]} Kg8 {[%clk 0:01:05]} 55. Rff1
{[%clk 0:03:48]} a1=Q {[%clk 0:01:03]} 56. Rxb1 {[%clk 0:03:54]} Qaxb1
{[%clk 0:01:10]} 57. Rxb1 {[%clk 0:04:03]} Qxb1+ {[%clk 0:01:19]} 58. Kh2
{[%clk 0:04:12]} Kf7 {[%clk 0:01:27]} 59. h4 {[%clk 0:04:19]} Kf6
{[%clk 0:01:36]} 60. Kh3 {[%clk 0:04:26]} Qd3+ {[%clk 0:01:43]} 61. g3
{[%clk 0:04:35]} Qf1+ {[%clk 0:01:51]} 62. Kh2 {[%clk 0:04:42]} Qd3
{[%clk 0:01:51]} 63. Kh3 {[%clk 0:04:47]} Kf5 {[%clk 0:01:59]} 64. Kg2
{[%clk 0:04:47]} Kg4 {[%clk 0:02:07]} 65. h5 {[%clk 0:04:54]} Qxg3+
{[%clk 0:02:15]} 66. Kh1 {[%clk 0:05:03]} Qe1+ {[%clk 0:02:18]} 67. Kh2
{[%clk 0:05:11]} Kf3 {[%clk 0:02:22]} 0-1

[Event "MESRRK"]
[Site "?"]
[Date "2018.05.26"]
[Round "4.10"]
[White "Licka, Denis"]
[Black "Kapicakova, Lucia"]
[Result "0-1"]
[BlackElo "1403"]
[WhiteElo "1306"]
[LiveChessVersion "1.4.8"]

1. e4 {[%clk 0:20:17]} e5 {[%clk 0:20:17]} 2. Nf3 {[%clk 0:20:25]} Nc6
{[%clk 0:20:22]} 3. Bb5 {[%clk 0:20:32]} a6 {[%clk 0:20:23]} 4. Ba4
{[%clk 0:20:40]} Nf6 {[%clk 0:20:25]} 5. d3 {[%clk 0:20:48]} b5 {[%clk 0:20:21]}
6. Bb3 {[%clk 0:20:56]} Be7 {[%clk 0:20:17]} 7. c3 {[%clk 0:21:02]} d6
{[%clk 0:20:12]} 8. O-O {[%clk 0:21:08]} O-O {[%clk 0:20:12]} 9. Nbd2
{[%clk 0:21:15]} Na5 {[%clk 0:20:03]} 10. Bc2 {[%clk 0:21:22]} c5
{[%clk 0:20:02]} 11. Re1 {[%clk 0:21:23]} Ne8 {[%clk 0:19:03]} 12. Nf1
{[%clk 0:21:24]} f5 {[%clk 0:18:24]} 13. exf5 {[%clk 0:20:46]} Bxf5
{[%clk 0:18:20]} 14. Ng3 {[%clk 0:20:07]} Bg4 {[%clk 0:17:55]} 15. Qe2
{[%clk 0:15:43]} Bxf3 {[%clk 0:15:58]} 16. gxf3 {[%clk 0:15:43]} Bg5
{[%clk 0:15:06]} 17. Bxg5 {[%clk 0:15:26]} Qxg5 {[%clk 0:15:07]} 18. Rad1
{[%clk 0:15:07]} Nc6 {[%clk 0:14:07]} 19. Qe4 {[%clk 0:14:32]} Rc8
{[%clk 0:13:45]} 20. Bb3+ {[%clk 0:12:26]} Kh8 {[%clk 0:13:29]} 21. Qd5
{[%clk 0:11:31]} Ne7 {[%clk 0:12:06]} 22. Qe6 {[%clk 0:11:17]} Rd8
{[%clk 0:11:31]} 23. Qg4 {[%clk 0:07:58]} Qf4 {[%clk 0:09:44]} 24. Re3
{[%clk 0:07:26]} Ng6 {[%clk 0:08:34]} 25. Nh5 {[%clk 0:04:37]} Qf5
{[%clk 0:07:36]} 26. Be6 {[%clk 0:00:26]} Qxg4+ {[%clk 0:06:39]} 27. Bxg4
{[%clk 0:00:29]} Nf6 {[%clk 0:05:28]} 0-1

[Event "MESRRK"]
[Site "?"]
[Date "2018.05.26"]
[Round "4.11"]
[White "Kolimar, Kristof Pal"]
[Black "Buchta, Bartolomej"]
[Result "1/2-1/2"]
[BlackElo "1405"]
[WhiteElo "1715"]
[LiveChessVersion "1.4.8"]

1. Nf3 {[%clk 0:20:19]} Nf6 {[%clk 0:20:13]} 2. c4 {[%clk 0:20:26]} c5
{[%clk 0:20:18]} 3. g3 {[%clk 0:20:34]} g6 {[%clk 0:20:20]} 4. Bg2
{[%clk 0:20:41]} Bg7 {[%clk 0:20:29]} 5. Nc3 {[%clk 0:20:49]} Nc6
{[%clk 0:20:26]} 6. O-O {[%clk 0:20:53]} d6 {[%clk 0:20:26]} 7. d4
{[%clk 0:20:59]} cxd4 {[%clk 0:20:19]} 8. Nxd4 {[%clk 0:21:06]} Nxd4
{[%clk 0:20:02]} 9. Qxd4 {[%clk 0:21:14]} O-O {[%clk 0:19:58]} 10. Qh4
{[%clk 0:20:43]} h5 {[%clk 0:19:07]} 11. Bg5 {[%clk 0:20:31]} Qc7
{[%clk 0:18:33]} 12. b3 {[%clk 0:20:39]} Re8 {[%clk 0:17:12]} 13. Rac1
{[%clk 0:20:24]} Rb8 {[%clk 0:15:35]} 14. Bxf6 {[%clk 0:20:19]} Bxf6
{[%clk 0:15:40]} 15. Nd5 {[%clk 0:20:28]} Qd8 {[%clk 0:14:50]} 16. Nxf6+
{[%clk 0:20:36]} exf6 {[%clk 0:14:57]} 17. Qd4 {[%clk 0:20:44]} Rxe2
{[%clk 0:14:23]} 18. Qxa7 {[%clk 0:20:52]} Bf5 {[%clk 0:13:55]} 19. Rfe1
{[%clk 0:19:37]} Rxe1+ {[%clk 0:13:52]} 20. Rxe1 {[%clk 0:19:46]} Ra8
{[%clk 0:12:36]} 21. Qxb7 {[%clk 0:19:54]} Rxa2 {[%clk 0:12:36]} 22. Bd5
{[%clk 0:20:03]} Bd7 {[%clk 0:11:10]} 23. Qb4 {[%clk 0:19:54]} Ra6
{[%clk 0:10:39]} 24. Qd2 {[%clk 0:19:31]} Kg7 {[%clk 0:10:14]} 25. Qe3
{[%clk 0:19:08]} Bc6 {[%clk 0:09:13]} 26. Bxc6 {[%clk 0:16:56]} Rxc6
{[%clk 0:09:21]} 27. Qe4 Rb6 28. Re3 {[%clk 0:16:35]} Qb8 {[%clk 0:09:05]} 29.
Qc2 {[%clk 0:16:39]} Qb7 {[%clk 0:08:36]} 30. Qc3 {[%clk 0:16:29]} Rc6
{[%clk 0:07:04]} 31. Rf3 {[%clk 0:16:36]} d5 {[%clk 0:07:11]} 32. c5
{[%clk 0:16:30]} Qe7 {[%clk 0:06:17]} 33. b4 {[%clk 0:16:39]} Qe4
{[%clk 0:06:03]} 34. Re3 {[%clk 0:16:27]} Qg4 {[%clk 0:05:08]} 35. Qd2
{[%clk 0:16:29]} Qd7 {[%clk 0:04:09]} 36. Rd3 {[%clk 0:16:35]} Ra6
{[%clk 0:04:00]} 37. Rxd5 {[%clk 0:15:45]} Ra1+ {[%clk 0:03:40]} 38. Kg2
{[%clk 0:15:54]} Qb7 {[%clk 0:03:41]} 39. f3 {[%clk 0:15:58]} Qa6
{[%clk 0:03:31]} 40. Qf2 {[%clk 0:15:59]} Qa4 {[%clk 0:02:53]} 41. Rd4
{[%clk 0:15:33]} Rb1 {[%clk 0:02:28]} 42. Qd2 {[%clk 0:12:57]} Qb5
{[%clk 0:02:21]} 43. Qf2 {[%clk 0:12:17]} Rxb4 {[%clk 0:02:06]} 44. Rxb4
{[%clk 0:12:26]} Qxb4 {[%clk 0:02:16]} 45. c6 {[%clk 0:12:33]} Qc4
{[%clk 0:02:14]} 46. Qb6 {[%clk 0:12:40]} Qc2+ {[%clk 0:02:20]} 47. Kh3
{[%clk 0:11:09]} Qf5+ {[%clk 0:02:17]} 48. Kg2 {[%clk 0:11:18]} Qc2+
{[%clk 0:02:25]} 49. Kh3 {[%clk 0:10:56]} Qf5+ {[%clk 0:02:33]} 50. Kg2
{[%clk 0:11:03]} Qc2+ {[%clk 0:02:41]} 1/2-1/2

[Event "MESRRK"]
[Site "?"]
[Date "2018.05.26"]
[Round "4.12"]
[White "Sowinski, Wojciech"]
[Black "Brozka, Karel"]
[Result "0-1"]
[BlackElo "1590"]
[WhiteElo "1115"]
[LiveChessVersion "1.4.8"]

1. d4 {[%clk 0:19:10]} Nf6 {[%clk 0:20:12]} 2. c4 {[%clk 0:19:19]} c5
{[%clk 0:20:13]} 3. d5 {[%clk 0:18:46]} b5 {[%clk 0:20:19]} 4. cxb5
{[%clk 0:18:54]} a6 {[%clk 0:20:27]} 5. bxa6 {[%clk 0:19:03]} Bxa6
{[%clk 0:20:35]} 6. Nc3 {[%clk 0:19:10]} d6 {[%clk 0:20:35]} 7. g3
{[%clk 0:19:18]} g6 {[%clk 0:20:41]} 8. Bg2 {[%clk 0:19:26]} Bg7 {[%clk 0:20:48]}
9. Nf3 {[%clk 0:19:27]} O-O {[%clk 0:20:52]} 10. O-O {[%clk 0:19:35]} Nbd7
{[%clk 0:20:58]} 11. Bf4 {[%clk 0:19:24]} Qb6 {[%clk 0:20:38]} 12. Qc2
{[%clk 0:18:44]} Rfb8 {[%clk 0:20:30]} 13. Rab1 {[%clk 0:18:48]} Bc4
{[%clk 0:20:18]} 14. b3 {[%clk 0:17:22]} Bxd5 {[%clk 0:19:29]} 15. Nxd5
{[%clk 0:17:09]} Nxd5 {[%clk 0:19:37]} 16. Ng5 {[%clk 0:16:44]} e6
{[%clk 0:19:03]} 17. Bxd5 {[%clk 0:16:14]} exd5 {[%clk 0:19:07]} 18. Rb2
{[%clk 0:16:04]} Ne5 {[%clk 0:18:31]} 19. Rbb1 {[%clk 0:14:41]} Qa6
{[%clk 0:17:54]} 20. Bxe5 {[%clk 0:13:30]} Bxe5 {[%clk 0:17:42]} 21. Qd2
{[%clk 0:12:47]} d4 {[%clk 0:17:08]} 22. a4 {[%clk 0:12:36]} Qa5 {[%clk 0:16:27]}
23. Qxa5 {[%clk 0:12:18]} Rxa5 {[%clk 0:16:36]} 24. f4 {[%clk 0:11:59]} Bg7
{[%clk 0:16:30]} 25. Ne4 {[%clk 0:12:04]} Ra6 {[%clk 0:14:58]} 26. Kf2
{[%clk 0:10:52]} Rab6 {[%clk 0:14:35]} 27. Rfc1 {[%clk 0:10:04]} f5
{[%clk 0:14:16]} 28. Nd2 {[%clk 0:10:03]} Bf8 {[%clk 0:13:39]} 29. Rc2
{[%clk 0:09:45]} Kf7 {[%clk 0:13:30]} 30. Rcb2 {[%clk 0:09:37]} d5
{[%clk 0:12:59]} 31. Nf3 {[%clk 0:09:19]} Bg7 {[%clk 0:09:52]} 32. Ne5+ Ke6
{[%clk 0:07:54]} 33. Nd3 {[%clk 0:06:37]} Kd6 {[%clk 0:06:10]} 34. b4
{[%clk 0:06:35]} c4 {[%clk 0:05:41]} 35. a5 {[%clk 0:04:11]} Rb5 {[%clk 0:04:58]}
36. Nc5 {[%clk 0:03:55]} d3 {[%clk 0:04:45]} 37. Rd2 {[%clk 0:03:44]} Bd4+
{[%clk 0:03:51]} 38. Kf3 {[%clk 0:03:13]} Bxc5 {[%clk 0:02:53]} 39. bxc5+
{[%clk 0:03:21]} Kxc5 {[%clk 0:03:01]} 40. Rxb5+ {[%clk 0:03:28]} Rxb5
{[%clk 0:03:05]} 41. a6 {[%clk 0:03:33]} Ra5 {[%clk 0:03:05]} 42. exd3
{[%clk 0:03:41]} c3 {[%clk 0:03:05]} 43. Rc2 {[%clk 0:03:44]} d4 {[%clk 0:03:14]}
44. Ke2 {[%clk 0:03:46]} Rxa6 {[%clk 0:03:23]} 45. Ke1 {[%clk 0:03:42]} Kb4
{[%clk 0:03:30]} 46. Rc1 {[%clk 0:03:40]} Ra2 {[%clk 0:03:31]} 47. h3
{[%clk 0:03:34]} 0-1

[Event "MESRRK"]
[Site "?"]
[Date "2018.05.26"]
[Round "4.13"]
[White "Cerven, Samuel"]
[Black "Visvader, Kristof"]
[Result "1-0"]
[BlackElo "1280"]
[WhiteElo "1245"]
[LiveChessVersion "1.4.8"]

1. e4 {[%clk 0:20:14]} e5 {[%clk 0:20:20]} 2. Nf3 {[%clk 0:20:18]} Nc6
{[%clk 0:20:26]} 3. d4 {[%clk 0:20:25]} exd4 {[%clk 0:20:34]} 4. Bc4
{[%clk 0:20:33]} Nf6 {[%clk 0:20:36]} 5. O-O {[%clk 0:20:40]} d5 {[%clk 0:20:44]}
6. exd5 {[%clk 0:20:16]} Nxd5 {[%clk 0:20:51]} 7. Re1+ {[%clk 0:20:23]} Be6
{[%clk 0:20:59]} 8. Nxd4 {[%clk 0:20:08]} Nxd4 {[%clk 0:21:02]} 9. Qxd4
{[%clk 0:20:16]} c6 {[%clk 0:21:06]} 10. Nc3 {[%clk 0:20:01]} Be7
{[%clk 0:21:02]} 11. Bxd5 {[%clk 0:19:59]} Bxd5 {[%clk 0:20:53]} 12. Nxd5
{[%clk 0:20:05]} cxd5 {[%clk 0:20:58]} 13. Qxg7 {[%clk 0:20:13]} Rf8
{[%clk 0:20:59]} 14. Qxh7 {[%clk 0:20:09]} Qd6 {[%clk 0:20:42]} 15. Bh6
{[%clk 0:20:12]} O-O-O {[%clk 0:20:40]} 16. Bxf8 {[%clk 0:20:19]} Rxf8
{[%clk 0:20:48]} 17. Qh3+ {[%clk 0:19:41]} Kb8 {[%clk 0:20:54]} 18. Qg3
{[%clk 0:19:45]} Qxg3 {[%clk 0:20:58]} 19. fxg3 {[%clk 0:19:52]} Bc5+
{[%clk 0:21:07]} 20. Kf1 {[%clk 0:19:56]} Rh8 {[%clk 0:21:14]} 21. h3
{[%clk 0:19:53]} Rg8 {[%clk 0:21:20]} 22. g4 {[%clk 0:19:54]} Bd4
{[%clk 0:21:28]} 23. c3 {[%clk 0:19:59]} Bc5 {[%clk 0:21:35]} 24. Re5
{[%clk 0:19:48]} Rd8 {[%clk 0:21:42]} 25. Rd1 {[%clk 0:19:51]} Bb6
{[%clk 0:21:50]} 26. Rexd5 {[%clk 0:19:50]} Rxd5 {[%clk 0:21:51]} 27. Rxd5
{[%clk 0:19:59]} Kc7 {[%clk 0:21:56]} 28. Rf5 f6 29. Rxf6 {[%clk 0:19:55]} Kd7
{[%clk 0:21:36]} 30. h4 {[%clk 0:20:00]} Ke7 {[%clk 0:21:44]} 31. Rf3
{[%clk 0:20:04]} Bc5 {[%clk 0:21:45]} 32. Ke2 {[%clk 0:20:07]} Bd6
{[%clk 0:21:53]} 33. Kd3 {[%clk 0:20:03]} Be5 {[%clk 0:21:55]} 34. Ke4
{[%clk 0:20:01]} Ke6 {[%clk 0:22:02]} 35. Rf5 {[%clk 0:20:07]} Bd6
{[%clk 0:22:06]} 36. h5 {[%clk 0:20:12]} Be7 {[%clk 0:22:05]} 37. g5
{[%clk 0:20:08]} Bxg5 {[%clk 0:22:07]} 38. Rxg5 {[%clk 0:20:16]} Kf6
{[%clk 0:22:16]} 39. Rg3 {[%clk 0:20:24]} 1-0

[Event "MESRRK"]
[Site "?"]
[Date "2018.05.26"]
[Round "4.14"]
[White "Vargosko, Juraj"]
[Black "Slosar, Jan"]
[Result "1-0"]
[BlackElo "1241"]
[WhiteElo "1430"]
[LiveChessVersion "1.4.8"]

1. e4 {[%clk 0:20:17]} c5 {[%clk 0:20:18]} 2. Nf3 {[%clk 0:20:22]} Nc6
{[%clk 0:20:25]} 3. c3 {[%clk 0:20:25]} g6 {[%clk 0:20:31]} 4. d4
{[%clk 0:20:28]} cxd4 {[%clk 0:20:39]} 5. cxd4 {[%clk 0:20:36]} Bg7
{[%clk 0:20:45]} 6. Be3 {[%clk 0:20:39]} d5 {[%clk 0:20:51]} 7. exd5
{[%clk 0:20:32]} Qxd5 {[%clk 0:20:58]} 8. Nc3 {[%clk 0:20:33]} Qd8
{[%clk 0:21:06]} 9. Bb5 {[%clk 0:20:33]} Bd7 {[%clk 0:21:11]} 10. O-O
{[%clk 0:19:54]} Nf6 {[%clk 0:21:18]} 11. Re1 {[%clk 0:19:05]} O-O
{[%clk 0:21:23]} 12. Qd2 {[%clk 0:19:08]} Ng4 {[%clk 0:21:24]} 13. h3
{[%clk 0:19:04]} Nxe3 {[%clk 0:21:30]} 14. Qxe3 {[%clk 0:19:08]} a6
{[%clk 0:21:32]} 15. Ba4 {[%clk 0:18:18]} Nb4 {[%clk 0:21:26]} 16. Bb3
{[%clk 0:17:27]} Re8 {[%clk 0:20:00]} 17. a3 {[%clk 0:17:20]} Nc6
{[%clk 0:19:58]} 18. d5 {[%clk 0:15:14]} Na5 {[%clk 0:19:48]} 19. Ba2
{[%clk 0:14:59]} b5 {[%clk 0:19:20]} 20. Qf4 {[%clk 0:14:00]} Nc4
{[%clk 0:17:13]} 21. Bxc4 {[%clk 0:13:58]} bxc4 {[%clk 0:17:20]} 22. Qxc4
{[%clk 0:13:57]} e5 {[%clk 0:17:03]} 23. Qd3 {[%clk 0:13:29]} Bf5
{[%clk 0:17:04]} 24. Ne4 {[%clk 0:13:19]} Bd7 {[%clk 0:16:00]} 25. Rac1
{[%clk 0:12:21]} Bb5 {[%clk 0:16:07]} 26. Qd2 {[%clk 0:11:57]} Kh8
{[%clk 0:15:21]} 27. Nfg5 {[%clk 0:11:28]} Kg8 {[%clk 0:14:21]} 28. Nf3
{[%clk 0:11:09]} f5 {[%clk 0:14:04]} 29. Nc3 {[%clk 0:10:57]} Bd7
{[%clk 0:13:49]} 30. Rc2 {[%clk 0:07:19]} e4 {[%clk 0:13:32]} 31. Nd4
{[%clk 0:07:26]} h5 {[%clk 0:10:23]} 32. Nde2 {[%clk 0:06:05]} Kh7
{[%clk 0:10:28]} 33. Nc1 {[%clk 0:05:44]} Bh6 {[%clk 0:10:34]} 34. Qd4
{[%clk 0:05:49]} Bg7 {[%clk 0:10:41]} 35. Qe3 {[%clk 0:05:51]} Bh6
{[%clk 0:10:13]} 36. Qe2 {[%clk 0:05:35]} e3 {[%clk 0:07:31]} 37. N1a2
{[%clk 0:04:13]} exf2+ {[%clk 0:07:18]} 38. Qxf2 {[%clk 0:04:21]} Re7
{[%clk 0:06:47]} 39. Rce2 {[%clk 0:03:33]} Rxe2 {[%clk 0:06:29]} 40. Qxe2
{[%clk 0:03:21]} Bg7 {[%clk 0:05:17]} 41. Qe7 {[%clk 0:02:24]} Qxe7
{[%clk 0:05:06]} 42. Rxe7 {[%clk 0:02:32]} Rd8 {[%clk 0:04:19]} 43. Nb4
{[%clk 0:02:41]} a5 {[%clk 0:04:27]} 44. Nc6 {[%clk 0:02:40]} Bxc6
{[%clk 0:04:18]} 45. dxc6 {[%clk 0:02:48]} Rc8 {[%clk 0:04:27]} 46. c7
{[%clk 0:02:48]} Kh6 {[%clk 0:04:33]} 47. Nb5 {[%clk 0:02:41]} Ra8
{[%clk 0:00:14]} 48. Rd7 {[%clk 0:02:33]} Be5 {[%clk 0:00:12]} 49. Rd8
{[%clk 0:02:35]} 1-0

[Event "MESRRK"]
[Site "?"]
[Date "2018.05.26"]
[Round "4.15"]
[White "Petrecz, Akos"]
[Black "Elias, David"]
[Result "1-0"]
[BlackElo "1380"]
[WhiteElo "1224"]
[LiveChessVersion "1.4.8"]

1. e4 {[%clk 0:20:18]} e5 {[%clk 0:20:12]} 2. Nf3 {[%clk 0:20:26]} Nc6
{[%clk 0:20:18]} 3. d4 {[%clk 0:20:34]} exd4 {[%clk 0:20:21]} 4. Nxd4
{[%clk 0:20:41]} Bc5 {[%clk 0:20:27]} 5. Nxc6 {[%clk 0:20:45]} Qf6
{[%clk 0:20:31]} 6. Qd2 {[%clk 0:19:54]} Qxc6 {[%clk 0:20:27]} 7. Nc3
{[%clk 0:19:48]} Nf6 {[%clk 0:20:09]} 8. Bd3 {[%clk 0:19:43]} O-O
{[%clk 0:20:08]} 9. O-O {[%clk 0:19:48]} Re8 {[%clk 0:20:15]} 10. Re1
{[%clk 0:18:50]} a6 {[%clk 0:20:03]} 11. Kh1 {[%clk 0:18:25]} Ng4
{[%clk 0:17:45]} 12. Rf1 {[%clk 0:16:57]} Ne5 {[%clk 0:15:56]} 13. f3
{[%clk 0:15:43]} d6 {[%clk 0:15:07]} 14. Qe2 {[%clk 0:15:00]} Bd7
{[%clk 0:13:48]} 15. Be3 Bxe3 {[%clk 0:13:21]} 16. Qxe3 {[%clk 0:14:33]} Nxd3
{[%clk 0:12:18]} 17. Qxd3 {[%clk 0:14:29]} Re5 {[%clk 0:10:47]} 18. Rad1
{[%clk 0:13:12]} Qb6 {[%clk 0:10:28]} 19. b3 {[%clk 0:11:20]} Bb5
{[%clk 0:08:01]} 20. Nxb5 {[%clk 0:11:10]} Qxb5 {[%clk 0:07:21]} 21. c4
{[%clk 0:10:40]} Qa5 {[%clk 0:06:59]} 22. Qd2 {[%clk 0:09:44]} Qxd2
{[%clk 0:06:23]} 23. Rxd2 {[%clk 0:09:53]} Rae8 {[%clk 0:06:30]} 24. Rfd1
{[%clk 0:09:54]} f6 {[%clk 0:05:33]} 25. Rd5 {[%clk 0:09:25]} Rxd5
{[%clk 0:05:34]} 26. Rxd5 {[%clk 0:09:09]} Re5 {[%clk 0:05:32]} 27. Kg1
{[%clk 0:09:02]} Kf7 {[%clk 0:05:17]} 28. Kf2 {[%clk 0:09:02]} Ke6
{[%clk 0:05:24]} 29. Ke3 {[%clk 0:08:42]} c6 {[%clk 0:04:37]} 30. Rxe5+
{[%clk 0:08:16]} dxe5 {[%clk 0:04:35]} 31. c5 {[%clk 0:07:47]} Kd7
{[%clk 0:03:55]} 32. b4 {[%clk 0:07:45]} Kc7 {[%clk 0:03:58]} 33. Kd3
{[%clk 0:07:18]} b6 {[%clk 0:04:05]} 34. cxb6+ {[%clk 0:06:22]} Kxb6
{[%clk 0:04:11]} 35. Kc4 {[%clk 0:06:31]} g6 {[%clk 0:03:50]} 36. a3
{[%clk 0:06:18]} h6 {[%clk 0:03:37]} 37. g4 {[%clk 0:06:13]} h5 {[%clk 0:02:42]}
38. gxh5 {[%clk 0:06:14]} gxh5 {[%clk 0:02:50]} 39. h4 {[%clk 0:06:21]} Kc7
{[%clk 0:02:27]} 40. Kc5 {[%clk 0:06:29]} Kd7 {[%clk 0:02:31]} 41. Kb6
{[%clk 0:06:37]} Kd6 {[%clk 0:02:40]} 42. Kxa6 {[%clk 0:06:44]} c5
{[%clk 0:02:48]} 43. Kb5 {[%clk 0:06:19]} cxb4 {[%clk 0:02:41]} 44. axb4
{[%clk 0:06:27]} Kc7 {[%clk 0:02:49]} 45. Kc5 {[%clk 0:06:35]} Kb7
{[%clk 0:02:44]} 46. Kd6 {[%clk 0:06:37]} Kb6 {[%clk 0:02:53]} 47. Ke6
{[%clk 0:06:46]} Kb5 {[%clk 0:03:02]} 48. Kxf6 {[%clk 0:06:55]} Kxb4
{[%clk 0:03:11]} 49. Kxe5 {[%clk 0:07:03]} Kc5 {[%clk 0:03:19]} 50. f4
{[%clk 0:07:09]} Kc6 {[%clk 0:03:29]} 51. Ke6 {[%clk 0:07:18]} Kc7
{[%clk 0:03:37]} 52. Ke7 {[%clk 0:07:27]} Kc6 {[%clk 0:03:44]} 53. f5
{[%clk 0:07:36]} Kc5 {[%clk 0:03:53]} 54. f6 {[%clk 0:07:45]} Kd4
{[%clk 0:04:03]} 55. f7 {[%clk 0:07:55]} Kxe4 {[%clk 0:04:11]} 56. f8=Q
{[%clk 0:08:03]} Ke5 {[%clk 0:04:20]} 57. Qf6+ {[%clk 0:08:12]} Kd5
{[%clk 0:04:29]} 58. Qd6+ {[%clk 0:08:20]} Ke4 {[%clk 0:04:38]} 59. Kf6
{[%clk 0:08:28]} Kf3 {[%clk 0:04:45]} 60. Qe5 {[%clk 0:08:37]} Kg4
{[%clk 0:04:54]} 61. Kg6 {[%clk 0:08:42]} Kxh4 {[%clk 0:05:00]} 62. Qg5+
{[%clk 0:08:48]} Kh3 {[%clk 0:05:08]} 63. Kxh5 {[%clk 0:08:53]} Kh2
{[%clk 0:05:17]} 64. Qg4 {[%clk 0:08:59]} Kh1 {[%clk 0:05:23]} 65. Kg5
{[%clk 0:09:08]} Kh2 {[%clk 0:05:32]} 66. Kf4 {[%clk 0:09:17]} Kh1
{[%clk 0:05:41]} 67. Kf3 {[%clk 0:09:26]} Kh2 {[%clk 0:05:49]} 68. Qg2#
{[%clk 0:09:35]} 1-0

[Event "MESRRK"]
[Site "?"]
[Date "2018.05.26"]
[Round "4.16"]
[White "Novomeska, Karin"]
[Black "Orgon, Jakub"]
[Result "0-1"]
[BlackElo "1379"]
[WhiteElo "1192"]
[LiveChessVersion "1.4.8"]

1. d4 {[%clk 0:20:19]} d6 {[%clk 0:20:17]} 2. c4 {[%clk 0:20:27]} Nf6
{[%clk 0:20:24]} 3. Nc3 {[%clk 0:20:35]} g6 {[%clk 0:20:31]} 4. Nf3
{[%clk 0:20:40]} Bg7 {[%clk 0:20:38]} 5. e4 {[%clk 0:20:08]} O-O {[%clk 0:20:41]}
6. Bd3 {[%clk 0:20:10]} c5 {[%clk 0:20:27]} 7. d5 {[%clk 0:18:11]} e6
{[%clk 0:20:33]} 8. Bg5 {[%clk 0:17:14]} a6 {[%clk 0:19:37]} 9. O-O
{[%clk 0:16:39]} Bd7 {[%clk 0:18:31]} 10. Qd2 {[%clk 0:15:30]} exd5 11. Nxd5
{[%clk 0:13:39]} Bc6 {[%clk 0:16:27]} 12. Nxf6+ {[%clk 0:12:22]} Bxf6
{[%clk 0:16:35]} 13. Bh6 {[%clk 0:11:39]} Bg7 {[%clk 0:16:36]} 14. Bxg7
{[%clk 0:11:30]} Kxg7 {[%clk 0:16:44]} 15. Qc3+ {[%clk 0:10:40]} Qf6
{[%clk 0:14:31]} 16. Qxf6+ {[%clk 0:09:57]} Kxf6 {[%clk 0:14:37]} 17. Rfe1
{[%clk 0:10:00]} Re8 {[%clk 0:14:28]} 18. Rad1 {[%clk 0:09:08]} Re6
{[%clk 0:11:44]} 19. g4 {[%clk 0:07:00]} h6 {[%clk 0:11:47]} 20. h4
{[%clk 0:07:04]} Nd7 {[%clk 0:10:53]} 21. g5+ {[%clk 0:05:39]} Kg7
{[%clk 0:10:54]} 22. Re2 {[%clk 0:04:54]} h5 {[%clk 0:10:51]} 23. Rde1
{[%clk 0:04:54]} Rae8 {[%clk 0:10:40]} 24. Kg2 {[%clk 0:04:27]} Ne5
{[%clk 0:10:13]} 25. Nxe5 {[%clk 0:04:28]} dxe5 {[%clk 0:10:08]} 26. Rd1
{[%clk 0:03:51]} Rd6 {[%clk 0:10:07]} 27. f3 {[%clk 0:03:50]} Red8
{[%clk 0:10:11]} 28. Red2 {[%clk 0:03:59]} b5 {[%clk 0:09:57]} 29. Kf2
{[%clk 0:02:42]} bxc4 {[%clk 0:09:59]} 30. Ke2 {[%clk 0:02:24]} cxd3+
{[%clk 0:09:59]} 31. Rxd3 {[%clk 0:02:32]} Rxd3 32. Rxd3 {[%clk 0:02:40]} Rxd3
{[%clk 0:10:16]} 33. Kxd3 {[%clk 0:02:48]} Bb5+ {[%clk 0:10:18]} 34. Kd2
{[%clk 0:02:51]} f6 {[%clk 0:10:23]} 35. gxf6+ {[%clk 0:02:24]} Kxf6
{[%clk 0:10:32]} 36. Ke3 {[%clk 0:02:32]} g5 {[%clk 0:10:40]} 37. hxg5+ Kxg5
{[%clk 0:10:48]} 38. Kf2 {[%clk 0:02:41]} Kf4 {[%clk 0:10:54]} 39. Kg2
{[%clk 0:02:41]} h4 {[%clk 0:11:02]} 40. Kh3 {[%clk 0:02:37]} Kxf3
{[%clk 0:11:10]} 41. Kxh4 {[%clk 0:02:45]} Kxe4 {[%clk 0:11:18]} 42. Kg3
{[%clk 0:02:54]} Kd3 {[%clk 0:11:27]} 43. Kf3 {[%clk 0:03:02]} e4+
{[%clk 0:11:36]} 44. Kf2 {[%clk 0:03:11]} Kd2 {[%clk 0:11:45]} 45. Kg3
{[%clk 0:03:17]} e3 {[%clk 0:11:54]} 46. Kf3 {[%clk 0:03:26]} e2 {[%clk 0:12:03]}
47. Ke4 {[%clk 0:03:33]} e1=Q+ {[%clk 0:12:11]} 48. Kf5 {[%clk 0:03:39]} Bd3+
{[%clk 0:12:19]} 49. Kf4 {[%clk 0:03:48]} Qe3+ {[%clk 0:14:24]} 50. Kg4
{[%clk 0:03:55]} Bf5+ {[%clk 0:14:27]} 51. Kh4 {[%clk 0:04:00]} Qf4+
{[%clk 0:14:34]} 52. Kh5 {[%clk 0:04:06]} Qg4+ {[%clk 0:14:42]} 53. Kh6
{[%clk 0:04:14]} Qg6# {[%clk 0:14:51]} 0-1